El castellano en la argentina /

Guardado en:
Autor Principal: Costa Alvarez, Arturo
Formato: Libro
Publicado: La Plata : Tall. Esc. San Vicente Paul, 1928
Materias:
Etiquetas: Agregar Etiqueta
Sin Etiquetas, Sea el primero en etiquetar este registro!
LEADER 00496nam a22001575a 4500
001 EHU.bham016708
003 AR-BHAM
005 20100517152543.0
008 130507s1928##################000#0#####d
082 4 6 |a 460.7 
100 1 |a Costa Alvarez, Arturo 
245 1 0 |a El castellano en la argentina /  |c Arturo Costa Alvarez 
260 |a La Plata :  |b Tall. Esc. San Vicente Paul,  |c 1928 
300 |a 350p. 
653 |a Castellano-estudios 
859 |a AR-BHAM  |b BIB. HUMANIDADES - Arturo Marasso  |h 460.7  |i C824  |p 3064.57  |t Ej.1  |v M